10 Northernmost U.S. States - Statistics

General Stats
  • This quiz has been taken 81,904 times
    80,532 since last reset
  • The average score is 9 of 10
Answer Stats
Latitude State % Correct
49.0 °N Washington
96%
71.4 °N Alaska
94%
47.5 °N Maine
94%
49.0 °N North Dakota
91%
48.2 °N Michigan
89%
49.0 °N Montana
89%
49.4 °N Minnesota
82%
49.0 °N Idaho
81%
47.3 °N Wisconsin
74%
46.3 °N Oregon
66%
No matching quizzes found
Score Distribution
Percent of People with Each Score
Percentile by Number Answered
Your Score History
You have not taken this quiz since the last reset